000 00391nam a2200157Ia 4500
008 230312s9999||||xx |||||||||||||| ||und||
020 _a0-8053-7121-4
082 _a005.43
_bMAE-O
100 _aMaekawa Mamoru
245 0 _aOperating Systems
260 _bThe BENJAMIN CUMMINGS
_aU.K.
_c1987
300 _a414
546 _aEng.
650 _aComputer
_vProcess Synchronization
942 _cBK
999 _c2933
_d2933